[Event "Girona Gerunda op"]
[Site "Girona"]
[Date "2018.10.09"]
[Round "3"]
[White "Fernandez Alsina, David"]
[Black "Diaz Comas, Jordi"]
[Result "0-1"]
[WhiteElo "2015"]
[BlackElo "2049"]
[PlyCount "66"]
[EventDate "2018.09.25"]
[EventType "swiss"]
[EventRounds "9"]
[EventCountry "ESP"]
[SourceTitle "EXT 2020"]
[Source "ChessBase"]
[SourceDate "2019.10.17"]
[SourceVersion "1"]
[SourceVersionDate "2019.10.17"]
[SourceQuality "1"]

1. e4 Nf6 2. d3 e5 3. Nf3 Nc6 4. c3 d5 5. Nbd2 Be7 6. g3 0-0 7. Bg2 dxe4 8. dxe4 h6 9. 0-0 Be6 10. Qc2 Qd7 11. Nb3 Rad8 12. Be3 b6 13. Rfd1 Qc8 14. Rxd8 Rxd8 15. Rd1 Rxd1+ 16. Qxd1 Qa6 17. Qb1 Qa4 18. Nfd2 Ng4 19. h3 Nxe3 20. fxe3 Qa6 21. Bf1 Qa4 22. Kf2 Bd6 23. g4 Be7 24. Be2 Bh4+ 25. Kf3 Nd8 26. Nc1 Qc6 27. Qd3 f5 28. gxf5 Bxf5 29. Qd5+ Qxd5 30. exd5 Bxh3 31. Nd3 Nf7 32. Ke4 Bf6 33. Nf3 Nd6# 0-1

[Event "Figueres Nadal op 5th"]
[Site "Figueres"]
[Date "2016.01.03"]
[Round "5"]
[White "Fernandez Alsina, David"]
[Black "Rovira Vila, Jaume"]
[Result "1/2-1/2"]
[WhiteElo "1451"]
[BlackElo "2060"]
[PlyCount "25"]
[EventDate "2016.01.02"]
[EventType "swiss"]
[EventRounds "7"]
[EventCountry "ESP"]
[SourceTitle "EXT 2017"]
[Source "ChessBase"]
[SourceDate "2016.10.25"]
[SourceVersion "1"]
[SourceVersionDate "2016.10.25"]
[SourceQuality "1"]

1. e4 g6 2. d4 Bg7 3. Nc3 c6 4. g3 d5 5. e5 e6 6. Nf3 Ne7 7. Bg2 0-0 8. h4 Nd7 9. g4 c5 10. Be3 cxd4 11. Bxd4 Nc6 12. h5 Nxd4 13. Nxd4 1/2-1/2

[Event "Figueres Nadal op 5th"]
[Site "Figueres"]
[Date "2016.01.02"]
[Round "1"]
[White "Fernandez Alsina, David"]
[Black "Colls Gelaberto, Emilio"]
[Result "0-1"]
[WhiteElo "1451"]
[BlackElo "2108"]
[PlyCount "40"]
[EventDate "2016.01.02"]
[EventType "swiss"]
[EventRounds "7"]
[EventCountry "ESP"]
[SourceTitle "EXT 2017"]
[Source "ChessBase"]
[SourceDate "2016.10.25"]
[SourceVersion "1"]
[SourceVersionDate "2016.10.25"]
[SourceQuality "1"]

1. e4 c6 2. d4 d5 3. exd5 cxd5 4. c4 Nf6 5. Nc3 Nc6 6. Nf3 Bg4 7. Qb3 Bxf3 8. gxf3 Nxd4 9. Qxb7 Rb8 10. Qxa7 Nc2+ 11. Kd1 Nxa1 12. cxd5 e6 13. Bb5+ Rxb5 14. Nxb5 Qxd5+ 15. Nd4 Bc5 16. Qa4+ Nd7 17. Ke2 Qxd4 18. Qa8+ Ke7 19. Qc6 Qc4+ 20. Kd1 Qc2+ 0-1

[Event "Santa Eugenia op 10th"]
[Site "Santa Eugenia"]
[Date "2015.??.??"]
[Round "3"]
[White "Gimenez Pau, Daniel"]
[Black "Fernandez Alsina, David"]
[Result "0-1"]
[WhiteElo "1820"]
[BlackElo "1903"]
[PlyCount "60"]
[EventDate "2015.04.17"]
[EventType "swiss"]
[EventRounds "9"]
[EventCountry "ESP"]
[SourceTitle "EXT 2016"]
[Source "ChessBase"]
[SourceDate "2015.10.08"]
[SourceVersion "1"]
[SourceVersionDate "2015.10.08"]
[SourceQuality "1"]

1. d4 d6 2. c4 g6 3. Bf4 Bg7 4. e3 c5 5. Ne2 Nf6 6. Nbc3 0-0 7. dxc5 dxc5 8. Qxd8 Rxd8 9. Bxb8 Rxb8 10. Nf4 b6 11. Rd1 Bb7 12. Be2 Ne4 13. Nxe4 Bxe4 14. f3 Bc2 15. Rd2 Rxd2 16. Kxd2 Bf5 17. e4 Bd7 18. b3 Bh6 19. g3 e5 20. Ke3 exf4+ 21. gxf4 Bg7 22. h4 Bd4+ 23. Kd2 Rd8 24. h5 gxh5 25. Rxh5 Bg7 26. Rd5 Bf6 27. Bd3 Kg7 28. f5 Bc6 29. e5 Bg5+ 30. Kc3 Bxd5 0-1

[Event "Girona Territorial-ch"]
[Site "Girona"]
[Date "2014.11.02"]
[Round "5"]
[White "Fernandez Alsina, David"]
[Black "Alejo Alvarez, Ricardo"]
[Result "0-1"]
[WhiteElo "1862"]
[BlackElo "2124"]
[PlyCount "78"]
[EventDate "2014.10.05"]
[EventType "swiss"]
[EventRounds "9"]
[EventCountry "CAT"]
[SourceTitle "CBM 163 Extra"]
[Source "ChessBase"]
[SourceDate "2014.12.23"]
[SourceVersion "1"]
[SourceVersionDate "2014.12.23"]
[SourceQuality "1"]

1. e4 g6 2. g3 d6 3. d4 Bg7 4. Be3 c5 5. Bg2 Nc6 6. c3 cxd4 7. cxd4 Qb6 8. Ne2 Qxb2 9. Nbc3 Nf6 10. 0-0 0-0 11. a3 Ng4 12. Qd3 Qb6 13. Rab1 Qd8 14. Rb2 Nxe3 15. fxe3 Rb8 16. Rfb1 b6 17. Nf4 e5 18. Nfe2 exd4 19. exd4 Na5 20. d5 Bg4 21. Bf3 Bxf3 22. Qxf3 Nc4 23. Ra2 Ne5 24. Qe3 Rc8 25. Rc1 Qd7 26. Nd1 Qa4 27. Nf2 Nc4 28. Qd3 Bh6 29. Rc3 Ne5 30. Qb1 Rxc3 31. Nxc3 Qd7 32. Kg2 Be3 33. Ncd1 Bc5 34. Qc1 Qa4 35. Nc3 Qc4 36. Rc2 Bxf2 37. Rxf2 Nd3 38. Qf1 Qxc3 39. Rf3 Ne1+ 0-1